LIBRARY & INFORMATION CENTRE, KCAET, TAVANUR

ONLINE PUBLIC ACCESS CATALOGUE (OPAC)

Effect of magnetised water on chloride ions in trickle irrigation (Record no. 15146)

MARC details
000 -LEADER
fixed length control field 00743nam a22002057a 4500
003 - CONTROL NUMBER IDENTIFIER
control field OSt
088 ## - REPORT NUMBER
Report number P 245
100 ## - MAIN ENTRY--AUTHOR NAME
Personal name RASEENA SALIM
245 ## - TITLE STATEMENT
Title Effect of magnetised water on chloride ions in trickle irrigation
260 ## - PUBLICATION, DISTRIBUTION, ETC. (IMPRINT)
Place of publication Tavanur 2012
Name of publisher Department of Land and Water Resources and Conservation Engineering
300 ## - PHYSICAL DESCRIPTION
Number of Pages 57
500 ## - GENERAL NOTE
General note Effect of magnetised water on chloride ions in trickle irrigation
520 ## - SUMMARY, ETC.
Summary, etc Effect of magnetised water on chloride ions in trickle irrigation
700 ## - ADDED ENTRY--PERSONAL NAME
Personal name Rohit Murali
700 ## - ADDED ENTRY--PERSONAL NAME
Personal name Vipin P. R
700 ## - ADDED ENTRY--PERSONAL NAME
Personal name Dr. Abdul Hakkim V. M (Guide)
856 ## - ELECTRONIC LOCATION AND ACCESS
Uniform Resource Identifier https://drive.google.com/open?id=1NtRpr0o2fcXwfvwDJZrEVev1Vi3wfAoR
942 ## - ADDED ENTRY ELEMENTS (KOHA)
Koha item type Project Report
Holdings
Collection code Home library Current library Shelving location Full call number Accession Number Koha item type
Reference KAUAET KAUAET Reference 631.7 RAS/EF P 245 Project Report
free website counter